Statistics for Top 30 Frequency Words in Spanish

Click here to take the quiz!

General Stats

  • This quiz has been taken 219 times
  • The average score is 18 of 30

Answer Stats

HintAnswer% Correct
theel
98%
andy
92%
inen
89%
nono
88%
withcon
85%
of, from, aboutde
83%
to, ata
78%
the (f), herla
73%
for (because of)por
70%
to be (POND)ser
69%
to havetener
67%
how, such ascomo
66%
butpero
66%
alltodo
65%
moremás
64%
a (masc)un
64%
for (in order to)para
63%
oro
61%
to be (HELPS)estar
58%
this (f)esta
56%
to do, to makehacer
56%
his, her, itssu
50%
to goir
48%
to be able topoder
42%
to say, to telldecir
41%
this (m)este
41%
thatque
37%
him, itlo
25%
him, her, itle
20%
one's selfse
17%

Score Distribution

Percentile by Number Answered

Percent of People with Each Score

Your Score History

You have not taken this quiz